[Event "17th Open"]
[Site "Kavala GRE"]
[Date "2008.08.04"]
[Round "6"]
[White "Radulski,J"]
[Black "Shavtvaladze,N"]
[Result "1/2-1/2"]
[WhiteElo "2516"]
[BlackElo "2435"]

1.e4 c5 2.Nf3 e6 3.d4 cxd4 4.Nxd4 Nc6 5.Nb5 d6 6.c4 Nf6 7.N1c3 a6 8.Na3 Be7
9.Be2 O-O 10.O-O b6 11.Be3 Ne5 12.f4 Ned7 13.Bf3 Bb7 14.Qe2 Qc7 15.Rac1 Rac8
16.Nab1 Qxc4 17.Qf2 Qc7 18.Nd5 Qd8 19.Rxc8 Bxc8 20.Nxb6 Bb7 21.Nxd7 Qxd7
22.Nc3 e5 23.Rd1 Ng4 24.Bxg4 Qxg4 25.h3 Qh5 26.fxe5 Qxe5 27.Bd4 Qe6 28.Qg3 g6
29.Re1 Qc4 30.Qf2 Bh4 31.Qxh4 Qxd4+ 32.Qf2 Qxf2+ 33.Kxf2 f5 34.e5 dxe5 35.Rxe5 Rd8
36.Re7 Rd2+ 37.Re2 Rxe2+ 38.Nxe2 Kf7 39.g3 Ke6 40.Ke3 Ke5 41.Nd4 g5 42.Nb3 f4+
43.gxf4+ gxf4+ 44.Kf2 Bd5 45.Nc5 a5 46.a3 Kd4 47.b4 Kc4 48.Nd7 axb4 49.axb4 Be6
50.Nf6 Bxh3  1/2-1/2

[Event "VII Open"]
[Site "Ortigueira ESP"]
[Date "2008.08.12"]
[Round "3"]
[White "Guerra Bastida,D"]
[Black "Filip,L"]
[Result "1-0"]
[WhiteElo "2402"]
[BlackElo "2461"]

1.e4 c5 2.Nf3 e6 3.d4 cxd4 4.Nxd4 Nc6 5.Nb5 d6 6.c4 Nf6 7.N1c3 a6 8.Na3 Be7
9.Be2 O-O 10.O-O b6 11.Be3 Bb7 12.Qb3 Nd7 13.Rac1 Nc5 14.Qc2 Bf6 15.Rfd1 Be5
16.Nab1 f5 17.f4 Bxc3 18.Nxc3 fxe4 19.a3 e5 20.Nd5 Nd4 21.Bxd4 exd4 22.Rxd4 Ne6
23.Rxe4 Bxd5 24.cxd5 Nxf4 25.Bg4 Qg5 26.Be6+ Kh8 27.Rce1 Rf6 28.Bc8 Rf8 29.Re8 Rxc8
30.Rxc8 Nh3+ 31.Kh1 Nf2+ 32.Qxf2 Rxc8 33.Qxb6 Qd2 34.Rf1 Qd3 35.Kg1 Qxd5
36.Qxa6 Re8 37.Qa4 Rb8 38.Qf4 h6 39.b4 Rc8 40.h3  1-0

[Event "35th Open"]
[Site "Manresa ESP"]
[Date "2008.08.16"]
[Round "5"]
[White "Konguvel,P"]
[Black "Diamant,A"]
[Result "1-0"]
[WhiteElo "2415"]
[BlackElo "2393"]

1.e4 c5 2.Nf3 e6 3.d4 cxd4 4.Nxd4 Nc6 5.Nb5 d6 6.c4 Nf6 7.N1c3 a6 8.Na3 Be7
9.Be2 O-O 10.O-O b6 11.Bf4 Bb7 12.Qd2 Qc7 13.Rfd1 Ne5 14.f3 Rac8 15.Rac1 Qb8
16.Kh1 Rfd8 17.Bf1 Bc6 18.Qf2 Qb7 19.Be3 Rb8 20.Bd4 h5 21.b4 Qa7 22.Nc2 Ned7
23.a4 a5 24.Nb5 Qa8 25.bxa5 bxa5 26.Be3 Nc5 27.e5 Nce4 28.fxe4 Nxe4 29.Qe2 Bxb5
30.cxb5 Nc3 31.Qxh5 g6 32.Qf3 Nxd1 33.Rxd1 Qxf3 34.gxf3 dxe5 35.Rxd8+ Rxd8
36.Be2 Rc8 37.Ne1 Rc3 38.Nd3 Ra3 39.Bc5 Rxd3 40.Bxe7 Re3 41.Bf1 Rxf3 42.Kg2 Rf4
43.b6 Rxa4 44.b7 Ra2+ 45.Kg1 Rb2 46.Ba6 Rb1+ 47.Kf2 Rb2+ 48.Kf1 Rb1+ 49.Ke2 Rb2+
50.Kd1 Rb6 51.Bf6  1-0

[Event "35th Open"]
[Site "Manresa ESP"]
[Date "2008.08.17"]
[Round "6"]
[White "Konguvel,P"]
[Black "Bruzon Batista,L"]
[Result "1/2-1/2"]
[WhiteElo "2415"]
[BlackElo "2592"]

1.e4 c5 2.Nf3 e6 3.d4 cxd4 4.Nxd4 Nc6 5.Nb5 d6 6.c4 Nf6 7.N1c3 a6 8.Na3 Be7
9.Be2 b6 10.O-O Bb7 11.Be3 Nb8 12.f3 Nbd7 13.Qd2 O-O 14.Rfd1 Re8 15.Bf1 Rc8
16.Rac1 Qc7 17.Kh1 Qb8 18.Nc2 Ne5 19.b3 Ba8 20.Nb4 Qa7 21.Nd3 Ned7 22.Na4 Bc6
23.Nc3 Ba8  1/2-1/2

[Event "8th Savaria Summer IM"]
[Site "Szombathely HUN"]
[Date "2008.08.18"]
[Round "5"]
[White "Majeric,Z"]
[Black "Mihok,O"]
[Result "1/2-1/2"]
[WhiteElo "2312"]
[BlackElo "2346"]

1.e4 c5 2.Nf3 e6 3.d4 cxd4 4.Nxd4 Nc6 5.Nb5 d6 6.c4 Nf6 7.N5c3 Be7 8.Be2 b6
9.Be3 Bb7 10.O-O Nb8 11.Nd2 Nbd7 12.a3 O-O 13.b4 d5 14.exd5 exd5 15.cxd5 Nxd5
16.Nxd5 Bxd5 17.Nc4 Nf6 18.Rc1 Qd7 19.Qd4 Qb7 20.f3 Rfe8 21.Rfe1 Rad8 22.Bf2 Nh5
23.Ne3 Bg5 24.Qc3 Rc8 25.Qd4 Rcd8 26.Qc3 Rc8  1/2-1/2

[Event "44th Rubinstein Mem Open A"]
[Site "Polanica Zdroj POL"]
[Date "2008.08.20"]
[Round "2"]
[White "Andrzejewska,E"]
[Black "Panocki,A"]
[Result "1/2-1/2"]
[WhiteElo "2204"]
[BlackElo "2338"]

1.e4 c5 2.Nf3 e6 3.d4 cxd4 4.Nxd4 Nc6 5.Nb5 d6 6.c4 Nf6 7.N5c3 Be7 8.Be2 O-O
9.O-O b6 10.Na3 Bb7 11.Nc2 Ne5 12.f4 Ng6 13.Qd3 d5 14.cxd5 exd5 15.e5 Ne4
16.Nd4 Bc5 17.Be3 Re8 18.Rad1 Nxc3 19.Qxc3 f6 20.b4 fxe5 21.fxe5 Bxd4 22.Bxd4 Rc8
23.Qg3 Qe7 24.Bb5 Rf8 25.a3 Rxf1+ 26.Rxf1 Rf8 27.Rf3 Qe6 28.Bd3 Qc6 29.Bb2  1/2-1/2

[Event "44th Rubinstein Mem Open A"]
[Site "Polanica Zdroj POL"]
[Date "2008.08.20"]
[Round "2"]
[White "Owczarzak,J"]
[Black "Kozak,Ma"]
[Result "1-0"]
[WhiteElo "2343"]
[BlackElo "2195"]

1.e4 c5 2.Nf3 e6 3.d4 cxd4 4.Nxd4 Nc6 5.Nb5 d6 6.c4 Nf6 7.N5c3 Be7 8.Be2 a6
9.O-O b6 10.Na3 Bb7 11.Nc2 O-O 12.Ne3 Rc8 13.Kh1 Ne5 14.f3 Qc7 15.Bd2 Bc6
16.b4 Rfd8 17.Qb3 Qb8 18.a4 Bb7 19.Rfd1 Nfd7 20.Be1 Nc6 21.a5 bxa5 22.b5 axb5
23.cxb5 Nce5 24.Rxa5 Nb6 25.Na4 Nxa4 26.Rxa4 Nd7 27.Ra2 Nb6 28.Ba5 Ba8 29.Nc4 Nxc4
30.Bxd8 Bxd8 31.Bxc4 Bb6 32.Qd3 Rd8 33.Bb3 Bb7 34.Rad2 g6 35.Qc3 Rc8 36.Qf6 Bc5
37.h4 Rc7 38.g3 Qf8 39.Kg2 Rc8 40.h5 Qh6 41.Qe7 Rb8 42.hxg6 hxg6 43.Qc7 Qf8
44.Bxe6 fxe6 45.Rh1 Qf6 46.Qh7+ Kf8 47.Qh8+ Ke7 48.Rh7+  1-0

[Event "Open A"]
[Site "Vladimir RUS"]
[Date "2008.08.22"]
[Round "10"]
[White "Kurukin,D"]
[Black "Ruchkin,I"]
[Result "1/2-1/2"]
[WhiteElo "2201"]
[BlackElo "2188"]

1.e4 c5 2.Nf3 e6 3.d4 cxd4 4.Nxd4 Nc6 5.Nb5 d6 6.c4 a6 7.N5c3 Nf6 8.Be2 Be7
9.O-O O-O 10.Na3 b6 11.Be3 Bb7 12.Qb3 Nd7 13.Rfd1 Na5 14.Qc2 Rc8 15.Bf4 d5
16.exd5 Bxa3 17.bxa3 Nxc4 18.dxe6 fxe6 19.Bg3 Qe7 20.Bxc4 Rxc4 21.Qd3 Rfc8
22.Ne2 Nf6 23.Qe3 Re4 24.Qd3 Rec4 25.Bd6 Qd7 26.Qh3 Bd5 27.Be5 Re4 28.Bxf6 Rxe2
29.Qg4 Rec2 30.h3 Qf7 31.Bd4 b5 32.Rd3 Qg6 33.Rg3  1/2-1/2

[Event "8th Open"]
[Site "Velika Gorica CRO"]
[Date "2008.08.26"]
[Round "5"]
[White "Krstic,U"]
[Black "Kalajzic,I"]
[Result "1-0"]
[WhiteElo "2367"]
[BlackElo "2228"]

1.e4 c5 2.Nf3 e6 3.d4 cxd4 4.Nxd4 Nc6 5.Nb5 d6 6.a4 Nf6 7.Bd3 Be7 8.O-O O-O
9.Nd2 Ne5 10.Be2 Ng6 11.Nc3 Nf4 12.Bf3 e5 13.Nc4 Be6 14.Ne3 Rc8 15.Nf5 Bc4
16.Re1 Ne6 17.Be3 b6 18.Nb5 Bxb5 19.axb5 Rc7 20.c4 g6 21.Nxe7+ Qxe7 22.b3 Kg7
23.Ra2 Nc5 24.Qb1 Rd8 25.h3 Qe6 26.Rd1 Qc8 27.Rad2 Rcd7 28.Re2 Qb7 29.Bd2 Ne6
30.Bg4 Nd4 31.Re3 Re7 32.Bc3 Nxg4 33.hxg4 Ne6 34.f3 Qc8 35.Kf2 Qc5 36.Rd5 Qc7
37.g3 f6 38.Re1 Qc8 39.Red1 Red7 40.Qc1 Nc7 41.R5d3 Ne6 42.Bb4 Nc5 43.Rc3 a5
44.bxa6 Qxa6 45.Qa1 Ra8 46.Qc1 Qa2+ 47.Rd2 Qa1 48.Qxa1 Rxa1 49.Bxc5 bxc5
50.Rcd3 Ra6 51.Rd5 Rc6 52.f4 exf4 53.gxf4 Kf7 54.e5 fxe5 55.fxe5 Ke6 56.Re2 Rf7+
57.Kg3 Rb6 58.Re3 Rfb7 59.exd6+ Kd7 60.Re7+ Kd8 61.Rxb7 Rxb7 62.Rxc5 Rxb3+
63.Kf4 Kd7 64.Rd5 h6 65.c5 Rb4+ 66.Kf3 Rc4 67.Re5 Rc3+ 68.Kf4 Rc4+ 69.Kg3 g5
70.Re7+ Kd8 71.Rc7 Rc3+ 72.Kf2 Rc4 73.Ke3 Rxg4 74.c6 Rc4 75.Kd3 Rc1 76.Kd4 Rd1+
77.Ke5 Re1+ 78.Kf6 Rf1+ 79.Kg7 Rd1 80.Rd7+ Kc8 81.Kf8 Rc1 82.Rg7 Rxc6 83.Ke7 Kb7
84.d7 Rc7 85.Ke8 Kb8 86.d8=Q+  1-0

[Event "MCF GM"]
[Site "Kuala Lumpur MAS"]
[Date "2008.09.01"]
[Round "7"]
[White "Mas,H"]
[Black "Rahman,Zia"]
[Result "1/2-1/2"]
[WhiteElo "2386"]
[BlackElo "2564"]

1.e4 c5 2.Nf3 e6 3.d4 cxd4 4.Nxd4 Nc6 5.Nb5 d6 6.c4 Nf6 7.N1c3 a6 8.Na3 Be7
9.Be2 b6 10.Be3 Ne5 11.O-O Bb7 12.f3 Qc7 13.Rc1 O-O 14.Qe1 Rac8 15.Qf2 Ned7
16.Rfd1 Bd8 17.Bf4 Be7 18.Bf1 Qb8 19.Kh1 Kh8 20.Qd2 Ne5 21.Be3 Nfd7 22.Na4 Bc6
23.Nc3 f5 24.exf5 Rxf5 25.Nc2 Rxf3 26.gxf3 Nxf3 27.Qf2 Bh4 28.Qg2 Nxh2 29.Nd5 Nxf1
30.Rxf1 exd5 31.Nb4 Bb7 32.cxd5 Bf6 33.Bg5 Rc5 34.Nc6 Qe8 35.Kg1 Qh5 36.Bxf6 Nxf6
37.Ne7 Rxc1 38.Rxc1 Qe5 39.Rc7 Qe1+ 40.Kh2 Qh4+ 41.Kg1 Qe1+ 42.Kh2 Qh4+  1/2-1/2

[Event "SuperLiga-ROM"]
[Site "Eforie Nord ROM"]
[Date "2008.09.07"]
[Round "7"]
[White "Lupulescu,C"]
[Black "Filip,L"]
[Result "1/2-1/2"]
[WhiteElo "2589"]
[BlackElo "2461"]

1.e4 c5 2.Nf3 e6 3.d4 cxd4 4.Nxd4 Nc6 5.Nb5 d6 6.c4 Nf6 7.N1c3 a6 8.Na3 Be7
9.Be2 O-O 10.O-O Qa5 11.Be3 Rd8 12.Qb3 Nd7 13.Rfc1 Bf6 14.Qd1 Nc5 15.f3 Rb8
16.Qd2 h6 17.Bf1 Be5 18.Kh1 Bd7 19.Qe1 Be8 20.Bd2 Qb6 21.Rab1 Rdc8 22.Nc2 Qd8
23.b4 Nd7 24.a3 Bf6 25.Ne3 Bg5 26.Ned1 Bxd2 27.Qxd2 Nce5 28.Ne3 Nb6 29.Ncd1 Qc7
30.Nb2 Rd8 31.f4 Ng6 32.Qf2 Rbc8 33.f5 Ne5 34.f6 Nbd7 35.fxg7 Kxg7 36.Nd3 Nxd3
37.Bxd3 Ne5 38.Qg3+ Kh7 39.Ng4 Qe7 40.Rf1 Qg5 41.Nf6+ Kh8 42.Qh3 b5 43.Rbe1 bxc4
44.Bc2 Bc6 45.Re3 Rg8 46.Rg3 Qd2 47.Nxg8 Rxg8 48.Rxg8+ Kxg8 49.Qg3+ Kf8 50.Qf2 Qxf2
51.Rxf2 Ke7 52.Kg1 d5 53.exd5 exd5 54.Rf4 Nd7 55.Rh4 Nf8 56.Kf2 Ne6 57.Bf5 Kf6
58.Bxe6 fxe6 59.Rxh6+ Ke5 60.Rh8 d4 61.Rh5+ Ke4 62.Rc5 Bd5 63.h4 d3 64.h5 Kd4
65.h6 d2 66.h7 d1=Q 67.h8=Q+ Kd3 68.Qh3+ Kc2 69.Qe3 Qh1 70.Qg3 Qd1 71.Qe3 Qh1
72.Qe2+ Kb3 73.Kg3 Qh6 74.Qd1+ Kc3 75.Qe1+ Kb3 76.Qb1+ Kc3 77.Qe1+ Kb3 78.Qb1+  1/2-1/2

[Event "5th LGA Premium Cup"]
[Site "Nuernberg GER"]
[Date "2008.09.07"]
[Round "6"]
[White "Sippl,M"]
[Black "Uhlmann,D"]
[Result "1/2-1/2"]
[WhiteElo "2106"]
[BlackElo "1987"]

1.e4 c5 2.Nf3 e6 3.d4 cxd4 4.Nxd4 Nc6 5.Nb5 d6 6.c4 a6 7.N5a3 Nf6 8.Nc3 Be7
9.Be2 O-O 10.O-O Qc7 11.Be3 b6 12.Rc1 Ne5 13.f4 Ned7 14.Nab1 Bb7 15.Nd2 Rfd8
16.Bf3 Nc5 17.Qe2 Rab8 18.g4 Bf8 19.g5 Ne8 20.Bg2 g6 21.b4 Nd7 22.Nd5 exd5
23.cxd5 Nc5 24.bxc5 bxc5 25.f5 Bc8 26.Rc2 Bd7 27.fxg6 hxg6 28.Qf3 Bb5 29.Rf2 Bg7
30.Bf1 Qe7 31.Nc4 Bxc4 32.Bxc4 Nc7 33.a4 Rb4 34.a5 Nb5 35.Bxb5 Rxb5 36.Ra2 Rb4
37.Rae2 Re8 38.Bd2 Ra4 39.Rf1 Ra1 40.Rxa1 Bxa1 41.Qd3 Bd4+ 42.Kg2 Qd7 43.Qf3 Rb8
44.h4  1/2-1/2

[Event "DMP Ekstraliga"]
[Site "Karpacz POL"]
[Date "2008.09.11"]
[Round "6"]
[White "Andrzejewska,E"]
[Black "Kozak,Ma"]
[Result "1-0"]
[WhiteElo "2204"]
[BlackElo "2195"]

1.e4 c5 2.Nf3 e6 3.d4 cxd4 4.Nxd4 Nc6 5.Nb5 d6 6.Bf4 e5 7.Be3 a6 8.N5c3 Nf6
9.Be2 Be6 10.Nd5 Bxd5 11.exd5 Qa5+ 12.Nc3 Ne7 13.O-O Nexd5 14.Nxd5 Qxd5 15.Qxd5 Nxd5
16.Bf3 Nxe3 17.fxe3 Rb8 18.Bd5 f6 19.a4 Be7 20.a5 Bd8 21.b4 Kd7 22.b5 Be7
23.Rfb1 Rhc8 24.c4 Kc7 25.Ra3 f5 26.Rab3 Rf8 27.bxa6 bxa6 28.Rb7+ Rxb7 29.Rxb7+ Kd8
30.Ra7 f4 31.exf4 Rxf4 32.Rxa6 Rd4 33.Ra8+ Kc7 34.Ra7+ Kd8 35.a6 Rd1+ 36.Kf2 Ra1
37.Bc6 Bf6 38.Rd7+ Kc8 39.a7 e4 40.Ke3  1-0

[Event "58th ch-HUN KO"]
[Site "Nyiregyhaza HUN"]
[Date "2008.09.12"]
[Round "1.1"]
[White "Ruck,R1"]
[Black "Szabo,Krisz1"]
[Result "1/2-1/2"]
[WhiteElo "2574"]
[BlackElo "2510"]

1.e4 c5 2.Nf3 e6 3.d4 cxd4 4.Nxd4 Nc6 5.Nb5 d6 6.c4 Nf6 7.N5c3 Be7 8.g3 b6
9.Bg2 Bb7 10.O-O O-O 11.b3 Rc8 12.Bb2 a6 13.Na3 Nd7 14.Nc2 Nc5 15.Rb1 Qc7
16.Ne3 Qb8 17.Ba1 Rfd8 18.Kh1 Bf8 19.f4 Ne7 20.f5 Nc6 21.Ng4 Ne5 22.fxe6 fxe6
23.Qe2 Qc7 24.Rbd1 Qe7 25.Bb2 Qg5 26.Nxe5 dxe5 27.Bc1 Qg6 28.Be3 Nxe4 29.Nxe4 Bxe4
30.Rxd8 Rxd8 31.Bxb6 Bd3 32.Qxe5 Bxf1 33.Bxd8 Bxc4 34.h4 Bd3 35.Kh2 Bf5 36.Bg5 h6
37.Bf4 Qf7 38.Qb8 g5 39.Bd6 gxh4 40.gxh4 Qf6 41.Qxf8+ Qxf8 42.Bxf8 Kxf8 43.b4 e5
44.Bf1 Bc8 45.Kg3 Ke7 46.a4 Kf6 47.a5 Bb7 48.Kg4 Bc8+ 49.Kf3 Bb7+ 50.Ke3 Ke6
51.Bd3 Ke7 52.Bf1 Kd6 53.Bc4 Ke7 54.Kf2 Kf6 55.Kg3 Kf5 56.Be2 e4 57.b5 axb5
58.Bxb5 Bc8 59.Be2 Ke5 60.Bf1 e3 61.Kf3 Bb7+ 62.Kxe3 Bc8 63.Be2 Bb7 64.Kd3 Bc8
65.Kc3 Kd5 66.Kb4 Kd6 67.Kb5 Kc7 68.Kc5 Bb7 69.Bb5 Ba8 70.a6 Bf3 71.h5 Kb8
72.Kb6 Bb7 73.Be2 Be4 74.Bc4 Bf3 75.Bf7 Bb7 76.Bc4 Bf3 77.Bb5 Bb7 78.Bd3 Bf3
79.Bf5 Bb7 80.Bd3 Bf3 81.Bc4 Be4 82.Be2 Bg2 83.Kc5 Kc7 84.Bc4 Kb8 85.Be2 Kc7
86.Kd4 Kb6 87.Ke5 Bc6 88.Kf5 Be8 89.Kg4 Bd7+ 90.Kh4 Be8 91.Bd3 Bd7 92.Kg3 Be8
93.Kg4 Bd7+ 94.Kf4 Be8 95.Bg6 Bb5 96.Kf5 Be2 97.Kf6 Bxh5 98.Bxh5 Kxa6 99.Kg6 Kb6
100.Kxh6  1/2-1/2

[Event "DMP Ekstraliga"]
[Site "Karpacz POL"]
[Date "2008.09.13"]
[Round "8"]
[White "Jakubiec,A"]
[Black "Ksieski,Z"]
[Result "1-0"]
[WhiteElo "2532"]
[BlackElo "2424"]

1.e4 c5 2.Nf3 Nc6 3.d4 cxd4 4.Nxd4 e6 5.Nb5 d6 6.Bf4 e5 7.Be3 a6 8.N5c3 Nf6
9.Nd2 b5 10.a4 b4 11.Nd5 Nxd5 12.exd5 Na5 13.c3 bxc3 14.bxc3 Bf5 15.Ra2 Qc8
16.Qc1 Be7 17.Qa3 O-O 18.Be2 Rb8 19.Rb2 Rxb2 20.Qxb2 Bd8 21.Qb4 Bc7 22.g4 Bd7
23.O-O Qa8 24.c4 Rb8 25.Qa3 f5 26.f3 Rb7 27.Qc3 Qd8 28.c5 dxc5 29.Bxa6 Ra7
30.Bd3 Nb7 31.gxf5 Rxa4 32.Ne4 Bxf5 33.d6 Nxd6 34.Nxd6 Qxd6 35.Bxf5 c4 36.Bc2 Ba5
37.Qb2 Rb4 38.Qa2 Bb6 39.Bxb6 Qxb6+ 40.Kh1 g6 41.Qa8+ Kg7 42.Qe8 Qf6 43.Qd7+ Kh8
44.Be4 Rb8 45.Rd1 Rb3 46.Qc7 Rd3 47.Qc8+ Kg7 48.Qb7+  1-0

[Event "4th ch-EU"]
[Site "Liverpool ENG"]
[Date "2008.09.16"]
[Round "8"]
[White "Brown,Mart"]
[Black "Ris,R"]
[Result "0-1"]
[WhiteElo "2072"]
[BlackElo "2415"]

1.e4 c5 2.Nf3 e6 3.d4 cxd4 4.Nxd4 Nc6 5.Nb5 d6 6.c4 Nf6 7.N1c3 a6 8.Na3 Be7
9.Be2 O-O 10.O-O b6 11.Be3 Bb7 12.Qd2 Nb8 13.f3 Nbd7 14.Rfd1 Qc7 15.Bf1 Rac8
16.Qf2 Kh8 17.Kh1 Rg8 18.Rd2 g5 19.Rad1 g4 20.Bf4 Ne5 21.Be3 Qc6 22.Be2 gxf3
23.gxf3 Neg4 24.fxg4 Nxe4 25.Nxe4 Qxe4+ 26.Bf3 Qxf3+ 27.Qxf3 Bxf3+ 28.Kg1 Rxg4+
29.Kf1 Bxd1 30.Rxd1 e5 31.b3 d5 32.Nb1 d4 33.Bc1 Rcg8  0-1

[Event "Zvenigorodskaya Open A"]
[Site "Zvenigorod RUS"]
[Date "2008.09.29"]
[Round "7"]
[White "Shaposhnikov,E"]
[Black "Bocharov,D"]
[Result "1/2-1/2"]
[WhiteElo "2558"]
[BlackElo "2582"]

1.e4 c5 2.Nf3 Nc6 3.d4 cxd4 4.Nxd4 e6 5.Nb5 d6 6.Bf4 e5 7.Be3 Nf6 8.Bg5 Be6
9.Nd2 Be7 10.Bxf6 Bxf6 11.Bc4 O-O 12.O-O Rc8 13.Bxe6 fxe6 14.Nc4 Nd4 15.Nbxd6 Rc7
16.c3 b5 17.cxd4 bxc4 18.Nb5 Rb7 19.Na3 c3 20.bxc3 exd4 21.Qg4 Qe7 22.e5 Bxe5
23.cxd4 Bxd4 24.Qxd4 Qxa3 25.Qc4  1/2-1/2

[Event "58th TCh m 1st Div"]
[Site "Borovets BUL"]
[Date "2008.10.03"]
[Round "3"]
[White "Ninov,N"]
[Black "Iotov,V"]
[Result "1/2-1/2"]
[WhiteElo "2528"]
[BlackElo "2532"]

1.e4 c5 2.Nf3 e6 3.d4 cxd4 4.Nxd4 Nc6 5.Nb5 d6 6.c4 Nf6 7.N1c3 a6 8.Na3 Be7
9.Be2 b6 10.O-O Bb7 11.Be3 Nb8 12.f3 Nbd7 13.Qd2 O-O 14.Rfd1 Qc7 15.Rac1 Rac8
16.Bf1 Qb8 17.Kh1 Rfe8 18.Nc2 Bd8 19.Qxd6 Bc7 20.Qd2 Bxh2 21.g4 Be5 22.g5 Bxc3
23.Qxc3 Nxe4 24.fxe4 Bxe4+ 25.Bg2 Bxg2+ 26.Kxg2 Ne5 27.b3 Qb7+ 28.Kg1 Qe4
29.Ne1 Qg4+ 30.Kf2 Qh4+ 31.Kg2  1/2-1/2

[Event "Belgrade Premier League"]
[Site "Belgrade SRB"]
[Date "2008.10.07"]
[Round "3"]
[White "Carnic,D"]
[Black "Spasojevic,Z"]
[Result "1/2-1/2"]
[WhiteElo "2174"]
[BlackElo "2250"]

1.e4 c5 2.Nf3 Nc6 3.d4 cxd4 4.Nxd4 e6 5.Nb5 d6 6.Bf4 e5 7.Be3 Nf6 8.Bg5 a6
9.N5c3 Be7 10.Bxf6 Bxf6 11.Nd2 O-O 12.Nc4 b5 13.Ne3 Be6 14.Ncd5 Bg5 15.g3 Qa5+
16.c3 b4 17.Nc4 Qc5 18.h4 Bh6 19.Qd3 bxc3 20.bxc3 Rab8 21.Bg2 Rfd8 22.O-O Bxd5
23.exd5 Ne7 24.Rab1 g6 25.Rb3 Rb5 26.Rfb1 Rdb8 27.Ne3 Rxb3 28.Rxb3 Rxb3 29.axb3 a5
30.Nc2 f5 31.b4 axb4 32.cxb4 Qb6 33.Bf1 e4 34.Qa6 Qxa6 35.Bxa6 Kf8 36.Bb7 Ke8
37.b5 Kd8 38.Nd4 Kc7 39.Bc6 Kb6 40.Ne6 Nc8 41.Nd8 Na7 42.Nf7 Bf8 43.Ng5 h6
44.Ne6 Be7 45.Be8 g5 46.hxg5 hxg5 47.Bg6 Nxb5 48.Bxf5 Nc3 49.Kg2 Kb5 50.f4 exf3+
51.Kxf3 Nxd5 52.Be4 Kc4 53.Bg6 Nc3 54.Kg4 Ne2 55.Nxg5 Bxg5 56.Kxg5 Nxg3 57.Bf7+ Kd4
58.Kf4 Ne4 59.Ba2 Nd2 60.Bg8 Nc4 61.Kf3 Nb6 62.Ke2 Nd5 63.Kd2 Nf6 64.Bf7 Ne4+
65.Ke2 d5 66.Bxd5  1/2-1/2

[Event "1st WMSG Rapid Team w"]
[Site "Beijing CHN"]
[Date "2008.10.15"]
[Round "5"]
[White "Panella,F"]
[Black "Ben Dak,S"]
[Result "1-0"]
[WhiteElo "2004"]
[BlackElo "1941"]

1.e4 c5 2.Nf3 e6 3.d4 cxd4 4.Nxd4 Nc6 5.Nb5 d6 6.c4 a6 7.N5c3 Nf6 8.Be2 Be7
9.O-O O-O 10.Be3 Rb8 11.a4 Qc7 12.Na3 b6 13.Rc1 Bb7 14.f3 Nd7 15.Nd5 exd5
16.cxd5 Nc5 17.dxc6 Bxc6 18.b4 Qd7 19.bxc5 Bxa4 20.Qd2 dxc5 21.Bxa6 Qxd2
22.Bxd2 b5 23.Rb1 b4 24.Nc4 Bc2 25.Rb2 Bd3 26.Rc1 Rfd8 27.Bf4 Ra8 28.Bb7 Ra7
29.Bd5 Bxc4 30.Rxc4 Bf6 31.Rb3 Bd4+ 32.Rxd4 cxd4 33.Rxb4 d3 34.Rd4 Rc8 35.Rxd3 Rc2
36.h3 Ra1+ 37.Kh2 h6 38.Rd2 Rxd2 39.Bxd2 Rd1 40.Bc3 Kf8 41.Bb4+ Ke8 42.Kg3 Rb1
43.Bc3 f6 44.f4 Rc1 45.Bd4 Rd1 46.Be3 Rd3 47.Kf2 Kd7 48.g4 Kd6 49.Ke2 Ra3
50.Bc4 Rc3 51.Bd3 Ra3 52.Bd4 Ra2+ 53.Kf3 Ra3 54.Ke2 Ra2+ 55.Kf3 Ra3 56.Ke3 Ra2
57.e5+ fxe5 58.Bxe5+ Ke7 59.Bxg7 Rh2 60.Bf5 Rxh3+ 61.Ke4 Kf7 62.Bd4 Rh1 63.g5 hxg5
64.fxg5 Re1+ 65.Kf4 Rf1+ 66.Ke5 Re1+ 67.Be4 Re2 68.g6+ Kg8 69.Kf5 Rh2 70.Bd5+ Kf8
71.g7+ Ke7 72.g8=Q Rh5+ 73.Ke4 Rh4+ 74.Kd3 Rh3+ 75.Kc4 Kd6 76.Qe6+ Kc7 77.Qxh3  1-0

[Event "1st WMSG Rapid Team"]
[Site "Beijing CHN"]
[Date "2008.10.16"]
[Round "8"]
[White "Meijers,V"]
[Black "Sandler,L"]
[Result "1-0"]
[WhiteElo "2514"]
[BlackElo "2357"]

1.e4 c5 2.Nf3 e6 3.d4 cxd4 4.Nxd4 Nc6 5.Nb5 d6 6.c4 a6 7.N5c3 Nf6 8.Be2 Be7
9.O-O O-O 10.Be3 Qc7 11.Nd2 Ne5 12.f4 Ned7 13.Kh1 b6 14.Rf3 Bb7 15.Rh3 Nc5
16.Bf3 Rfd8 17.Qe2 Rac8 18.Rf1 Bf8 19.Bd4 Be7 20.Rg3 Ne8 21.Bg4 Bh4 22.Rh3 Bf6
23.Bxf6 Nxf6 24.f5 e5 25.Bf3 Qe7 26.g4 h6 27.g5 hxg5 28.Rg1 Nh7 29.Bg2 Nd7
30.Bf1 Ndf6 31.Rhg3 b5 32.b3 b4 33.Nd1 Kf8 34.Nf2 a5 35.Nh3 Qd7 36.Bg2 g4
37.Nf2 Nh5 38.Rxg4 N7f6 39.Rg5 Nf4 40.Qe3 Ke7 41.Nh3 Nxh3 42.Bxh3 Rh8 43.Rxg7 Rh4
44.R1g4 Rch8 45.Rxh4 Rxh4 46.Bg2 Qc7 47.h3 Rf4 48.Qg3 Kd8 49.Qg5 Qe7 50.Kg1 Kd7
51.Qh6 Ne8 52.Rh7 Nf6 53.Rh8 Bc6 54.Qg7 Kc7 55.Rh6 Ne8 56.Qg8 Nf6 57.Qg5 Nd5
58.Qxe7+ Nxe7 59.Rh7 Be8 60.Nf1 Kb6 61.Ng3 a4 62.Ne2 a3 63.Nxf4 exf4 64.Rh4 Kc5
65.Rxf4 Kd4 66.Rf2 Bc6 67.h4 Ng8 68.h5 Ke5 69.Rd2 Nh6 70.Kf2 f6 71.Kg3 Nf7
72.Bf3 Nh6 73.Kf2 Nf7 74.Ke3 Ng5 75.h6 Bb7 76.Rd1 Bc6 77.Rg1 Nxf3 78.h7  1-0

[Event "WYCC Boys U18"]
[Site "Vung Tau City VIE"]
[Date "2008.10.21"]
[Round "2"]
[White "Biryukov,M"]
[Black "Tologontegin,S"]
[Result "1/2-1/2"]
[WhiteElo "2279"]
[BlackElo "2359"]

1.e4 c5 2.Nf3 e6 3.d4 cxd4 4.Nxd4 Nc6 5.Nb5 d6 6.c4 a6 7.N5c3 Nf6 8.Be3 Be7
9.Be2 O-O 10.O-O b6 11.f3 Bb7 12.Nd2 d5 13.cxd5 exd5 14.exd5 Nb4 15.d6 Qxd6
16.Nc4 Qxd1 17.Raxd1 b5 18.Na5 Nbd5 19.Nxd5 Bxd5 20.Nb3 Rfe8 21.Bd4 Rad8
22.Bf2 Bd6 23.Bd3 Be5 24.Nc5 Bxb2 25.Nxa6 Bc4 26.Nb4 Ba3 27.Bxc4 bxc4 28.Nc2 Bb2
29.Bd4 c3 30.Rd3 Nd5 31.g3 Re2 32.Rf2 Re7 33.Bb6 Rdd7 34.Bc5 Re8 35.Rf1 Rc8
36.Bd4 f6 37.Rfd1 Re7 38.Bf2 Nc7 39.Kf1 Ree8 40.Rd7 Nb5 41.Rb7 Rb8 42.Rdd7 Rxb7
43.Rxb7 Nd6 44.Rc7 Ra8 45.Be1 h6 46.Rc6 Nb5 47.Rc5 Nd6 48.Rc6 Nb5  1/2-1/2

[Event "WYCC Boys U16"]
[Site "Vung Tau City VIE"]
[Date "2008.10.27"]
[Round "8"]
[White "Muller,J"]
[Black "Kiuttu,R"]
[Result "1/2-1/2"]
[WhiteElo "1998"]
[BlackElo "2083"]

1.e4 c5 2.Nf3 e6 3.d4 cxd4 4.Nxd4 Nc6 5.Nb5 d6 6.c4 Nf6 7.N1c3 a6 8.Na3 b6
9.Be2 Bb7 10.O-O Be7 11.Be3 O-O 12.f3 Re8 13.Qb3 Nd7 14.Rfd1 Nc5 15.Qc2 Bf8
16.Rac1 Nb4 17.Qd2 d5 18.cxd5 exd5 19.Nc2 a5 20.Nxb4 axb4 21.Nxd5 Bxd5 22.Qxd5 Qxd5
23.Rxd5 Rxa2 24.Rc2 Rb8 25.Bc4 Ra1+ 26.Kf2 b3 27.Rc3 Rb1 28.Rd2 g6 29.Bd4 Bh6
30.Re2 Bc1 31.Bxc5 bxc5 32.Rxb3 Rxb3 33.Bxb3 Bxb2 34.Ba2 Bd4+ 35.Kg3 Be5+
36.f4 Rb2  1/2-1/2

[Event "Grand Prix CCAS"]
[Site "Cap D'Agde FRA"]
[Date "2008.10.30"]
[Round "7"]
[White "Olivier,JC"]
[Black "Ivanov,Jo"]
[Result "0-1"]
[WhiteElo "2363"]
[BlackElo "2428"]

1.e4 c5 2.Nf3 e6 3.d4 cxd4 4.Nxd4 Nc6 5.Nb5 d6 6.c4 Nf6 7.N1c3 a6 8.Na3 b6
9.Be2 Bb7 10.Be3 Be7 11.O-O O-O 12.Rc1 Ne5 13.f3 Re8 14.Qe1 d5 15.Rd1 Ned7
16.cxd5 exd5 17.Qf2 b5 18.Nxd5 Bxd5 19.exd5 Bxa3 20.bxa3 Qe7 21.Rd3 Nxd5
22.Rxd5 Qxe3 23.Qxe3 Rxe3 24.Rxd7 Rxe2 25.Rf2 Re1+ 26.Rf1 Re3 27.Rfd1 g6
28.R7d3 Rae8 29.h3 h5 30.R1d2 Kg7 31.Kf2 Rxd3 32.Rxd3 Re6 33.h4 Rc6 34.Ke3 Kf6
35.g3 Ke5 36.Kd2 f6 37.Re3+ Kf5 38.Rd3 Rc4 39.Rd6 Ra4 40.Rd3 Ke5 41.Ke3 g5
42.hxg5 fxg5 43.Rc3 Rc4 44.Rd3 h4 45.gxh4 gxh4 46.Kf2 Rc2+ 47.Ke3 Rxa2 48.f4+ Kf5
49.Kf3 h3 50.Rd5+ Ke6 51.Rh5 Rxa3+ 52.Kg4 b4 53.Rh6+ Kf7 54.Kf5 Kg7 55.Rg6+ Kh7
56.Rg4 Kh6 57.Rg6+ Kh7 58.Rg4 Rc3 59.Kf6 Rc6+ 60.Kf7 h2 61.Rh4+ Rh6 62.Rg4 Rh3
63.Rg7+ Kh6 64.Rg8 Kh5  0-1

[Event "21st Belgrade Trophy"]
[Site "Obrenovac SRB"]
[Date "2008.11.01"]
[Round "5"]
[White "Cabrilo,G"]
[Black "Andrijevic,M"]
[Result "1/2-1/2"]
[WhiteElo "2500"]
[BlackElo "2367"]

1.e4 c5 2.Nf3 Nc6 3.d4 cxd4 4.Nxd4 e6 5.Nb5 d6 6.c4 Nf6 7.N5c3 Be7 8.Be2 O-O
9.O-O b6 10.Bf4 Bb7 11.Re1 Rc8 12.Bf1 Ne5 13.Nd2 Ng6 14.Bg3 h5 15.h3 h4 16.Bh2 a6
17.Nf3 Qc7 18.Rc1 Qb8 19.Qd4 Nd7 20.Qe3 e5 21.Red1 Qa8 22.Ne1 Nf6 23.Na4 Nd7
24.Bd3 Bc6 25.Nc3 Nc5 26.Nc2 a5 27.Nd5 Bxd5 28.cxd5 Nxd3 29.Qxd3 Bg5 30.Ne3 Bxe3
31.Qxe3 Rc5 32.f4  1/2-1/2

[Event "21st Belgrade Trophy"]
[Site "Obrenovac SRB"]
[Date "2008.11.03"]
[Round "7"]
[White "Cabrilo,G"]
[Black "Cvetkovic,Sr"]
[Result "1-0"]
[WhiteElo "2500"]
[BlackElo "2378"]

1.e4 c5 2.Nf3 Nc6 3.d4 cxd4 4.Nxd4 e6 5.Nb5 d6 6.c4 Nf6 7.N1c3 a6 8.Na3 Be7
9.Be2 O-O 10.O-O b6 11.Be3 Ne5 12.f4 Ned7 13.Bf3 Bb7 14.Qe2 Qc7 15.Rac1 Rac8
16.g4 Nc5 17.Bd2 h6 18.Bg2 Nh7 19.Nab1 Rfe8 20.Be3 Qb8 21.Nd2 Bc6 22.b4 Nd7
23.Nb3 e5 24.f5 Bg5 25.Bxg5 hxg5 26.Rfd1 Nhf6 27.h3 b5 28.Na5 bxc4 29.a3 Nb6
30.Qe3  1-0

[Event "FSIMA November"]
[Site "Budapest HUN"]
[Date "2008.11.08"]
[Round "8"]
[White "Lengyel,B"]
[Black "Humphrey,J"]
[Result "0-1"]
[WhiteElo "2309"]
[BlackElo "2330"]

1.e4 c5 2.Nf3 e6 3.d4 cxd4 4.Nxd4 Nc6 5.Nb5 d6 6.c4 Nf6 7.N1c3 a6 8.Na3 Be7
9.Be2 O-O 10.O-O b6 11.Be3 Bb7 12.Qb3 Nd7 13.Rfd1 Nc5 14.Qc2 Bf6 15.f3 Be5
16.f4 Bxc3 17.bxc3 Qc7 18.Bf3 Ne7 19.Bd4 e5 20.fxe5 dxe5 21.Bf2 f5 22.exf5 Bxf3
23.gxf3 Rxf5 24.Qd2 Rxf3 25.Qd6 Qxd6 26.Rxd6 Rxf2  0-1